Scientifiques par leurs découvertes n°1 - Statistiques

Statistiques générales
  • Ce quiz a été pris 1 966 fois
  • Le résultat moyen est 7 sur 10
Statistiques - réponses
Indices Noms des scientifiques % Correct
Auteur de l'Origine des Espèces et de la théorie de la sélection naturelle Charles Darwin
96%
Formulé les lois fondamentales sur la gravitation universelle et sur les corps en mouvement Isaac Newton
92%
Lui a découvert la piézo-électricité elle le radium et le polonium, et ensemble les bases de la radioactivité Pierre et Marie Curie
89%
Il a découvert le vaccin contre la rage et une technique de conservation des aliments Louis Pasteur
86%
Formulé les théories sur la relativité restreinte et générale Albert Einstein
83%
Véritable génie dans nombre de domaines: mathématiques, anatomie, optique, géologie, hydraulique, astronomie mais aussi peintre, sculpteur, architecte, ingénieur, théoricien de l'art... Léonard de Vinci
76%
Considéré comme le fondateur de la physique moderne, il a étudié la chute des corps et a affirmé que la Terre tourne autour du Soleil Galilée
72%
Inventeur de la classification périodique des éléments et a donné pour chacun leur masse atomique et quelques propriétés Dimitri Mendeleïev
61%
Auteur de La Métaphysique, c'est un des fondateurs de la logique, même si ses théories pour la science sont fausses du point de vue scientifique Aristote
32%
Inventeur de l'horloge à balancier (ou pendule) et a découvert la vraie nature des anneaux de Saturne Christian Huygens
6%
Aucun quiz correspondant
Distribution des résultats
% des personnes avec chaque résultat
Percentile par nombre de réponses
Votre historique - résultats
Vous n’avez pas pris ce quiz